000 00983nam a2200289 i 4500
001 bg
003 BPK
005 20210726144938.0
008 020816s2000 pl a f f |001 0 pol
015 _aPB 2002/12712
020 _a8386689528
040 _aWA N
_cBPK
080 _a330.43
080 _a(075.8)
245 0 0 _aEkonometria /
_cpod red. Marka Gruszczyńskiego i Marii Podgórskiej.
250 _aWyd. 5 zm.
260 _aWarszawa :
_bSzkoła Główna Handlowa. Oficyna Wydawnicza,
_c2000.
300 _a429 s. :
_bil. ;
_c24 cm.
504 _aBibliogr. Indeks.
655 4 _aPodręczniki akademickie
650 4 _aEkonometria
710 2 _aSzkoła Główna Handlowa w Warszawie.
_bOficyna Wydawnicza.
_4pbl.
700 1 _aPodgórska, Maria
_eRedakcja
700 1 _aGruszczyński, Marek
_d(1948- )
_eRedakcja
856 _uhttp://koha.tu.koszalin.pl/cgi-bin/koha/opac-detail.pl?biblionumber=38622
_yKatalog online BPK
942 _2UKD
_cKS
999 _c38622
_d38622